Statistics for Artists Names with non-colour Adjective

Click here to take the quiz!

General Stats

  • This quiz has been taken 6 times
    (3 since last reset)
  • The average score is 6 of 19

Answer Stats

SongMusical Act% Correct
Tainted loveSoft Cell
100%
HypnotizeNotorious B.I.G.
67%
Gangster's ParadiseCoolio
67%
Fat"Weird Al" Yankovic
33%
Punk Rock SongBad Religion
33%
I Believe in MiraclesHot Chocolate
33%
Don't You (Forget About Me)Simple Minds
33%
Living In the SunlightTiny Tim
33%
Mama Said Knock You OutLL Cool J
33%
Boyz In Da HoodEazy E
33%
Drop The WorldLil Wayne
33%
Give it AwayRed Hot Chili Peppers
33%
Once Bitten, Twice ShyGreat White
33%
Hey There DelilahPlain White T's
33%
Brave In The HeartBig Pun
0%
Cats In The CradleUgly Kid Joe
0%
Hope for HappinessSoft Machine
0%
Blue MondayNew Order
0%
Like 100,000 SunsetsWeird Owl
0%

Score Distribution

Percentile by Number Answered

Percent of People with Each Score

Your Score History

You have not taken this quiz since the last reset